Анатомія: історія кохання (Запис № 579568)

МАРК-запис
000 -Лідер
fixed length control field 02003 a2200229 4500
003 - Ідентифікатор контрольного номера
control field UA-OsUOA
005 - Дата та час останнього входження (трансакції)
control field 20251205150400.0
008 - Елементи даних фіксованої довжини – загальна інформація
fixed length control field 251205b un ||||| |||| 00| 0 ukr d
020 ## - Міжнародний стандартний книжковий номер (ISBN)
Міжнародний стандартний книжковий номер (ISBN) (НП) 9786178023683
040 ## - Джерело каталогізації
Мова каталогізації ukr
Агенція, яка здійснювала перезапис UA-OsUOA
080 ## - Індекс Універсальної десяткової класифікації
Індекс Універсальної десяткової класифікації (УДК) (НП) 821.161.2(73)
090 ## - Локальний шифр розміщення
Класифікаційний індекс УДК 821.161.2(73)
Авторський знак (НП) Ш33
100 ## - Основне введення – ім’я особи
Ім’я особи (НП) Щварц Д.
9 (RLIN) 22948
245 ## - Відомості про назву
Назва (НП) Анатомія: історія кохання
Дані про відповідальність (НП) Дана Шварц ; пер. з англ. Наталії Гоїн
260 ## - Публікація, розповсюдження і т.п. (Вихідні дані)
Місце публікації, розповсюдження і т.п. (П) Харків
Ім’я/ наймення видавництва, розповсюджувача і т.п. (П) Жорж
Дата публікації, розповсюдження і т.п. (П) 2025
300 ## - Фізичний опис
Обсяг 344 с.
520 ## - Резюме і т.п.
Резюме, реферат, анотація, тощо (НП) Гейзел — наречена майбутнього віконта, якій кортить стати хірургом більше, ніж вдало вийти заміж. Джек — викрадач трупів, який просто намагається вижити в місті, де так легко померти. Їхня випадкова зустріч відкриває для Гейзел нові можливості: вивчати анатомію не за підручниками, а на практиці й нарешті потрапити на курс до найвидатнішого хірурга країни, доктора Бічема.<br/><br/>Однак у місті знову спалахує епідемія, яка кілька років тому забрала життя тисяч людей. Влада не зважає на загрозу, тож Гейзел та Джеку самотужки доведеться розкопувати таємниці, заховані не тільки в безіменних могилах, але й серед живих мешканців Единбурга.
650 ## - Додаткове предметне введення – тематичний термін
Тематичний термін чи географічна назва, як елемент введення (НП) 821 Художня література окремими мовами і мовними сім'ями
9 (RLIN) 17
942 ## - Додаткові елементи входу (Коха)
Тип елемента Koha Книги
Source of classification or shelving scheme Universal Decimal Classification
955 ## - Код типу видання за змістом
Код типу видання за змістом (НП) Літературно-художні видання
Фонди
Стан вилучень Стан втрат Джерело класифікації або схеми стелажів Стан уражень Не для кредиту Постійне місце розташування Поточне розміщення Дата придбання Джерело придбання Вартість, звичайна ціна покупки Усього замовленно Повний номер виклику Штрих-код Дата останнього перегляду Дата останньої перевірки Вартість, ціна заміни Ціна ефективна від Тип елемента Koha
    Universal Decimal Classification     АБ - Абонемент НБ АБ - Абонемент НБ 05/12/2025 №65/05.12.2025 300.00 1 821.161.2(73) Ш33 169180 03/03/2026 23/12/2025 300.00 05/12/2025 Книги